000 01494nam a2200325 a 4500
005 20240305165351.0
007 cr|||| ||||
008 040712s2004 sp d || 000 ||spa|c
017 _aDL M. 9108-2004
020 _a8470887424
035 _a6056
040 _dvLex
090 _c2849
_d2849
245 0 0 _aEstudios para la reforma de la administración pública
_h[Recurso electrónico] /
_cAntoni Bayona i Rocamora ... [et al.] ; [director: Fernando Sáinz Moreno]
256 _aServicio en línea
260 _aMadrid :
_bInstituto Nacional de Administración Pública,
_c2004
300 _a1 recurso electrónico
504 _aReferencias bibliográficas
506 1 _aContenido solo disponible en los productos indicados
_dvLex Global
_dvLex Global (Academic Edition, excluding Law Schools)
_dvLex Global (U.S. Academic Edition, Law Schools)
_dvLex Global (U.S. Academic Edition, excluding Law Schools)
_dvLex Global (Academic Edition, Law Schools)
650 0 4 _aReforma administrativa
650 0 4 _aAdministración pública
_zEspaña
650 0 4 _aOrganismos de la Administración Pública
_xReorganización
651 4 _aEspaña
_xPolítica y gobierno
700 1 _aBayona i Rocamora, Antoni
700 1 _aSainz Moreno, Fernando
_edir.
710 2 _aInstituto Nacional de Administración Pública (España)
740 0 _avLex Libros (Servicio en línea)
856 4 0 _uhttps://app.vlex.com/#/sources/estudios-reforma-administracion-publica-6056
942 _cRAA
999 _c161268
_d161268